[Event "GER-ch U16 Girls"]
[Site "Willingen"]
[Date "2021.08.28"]
[Round "8"]
[White "Woerz, Ann Sophie"]
[Black "Krause, Ricarda Sophie"]
[Result "1-0"]
[WhiteElo "1563"]
[BlackElo "1474"]
[PlyCount "83"]
[EventDate "2021.08.22"]
[EventType "swiss"]
[EventRounds "9"]
[EventCountry "GER"]
[SourceTitle "EXT 2022"]
[Source "ChessBase"]
[SourceDate "2021.10.06"]
[SourceVersion "1"]
[SourceVersionDate "2021.10.06"]
[SourceQuality "1"]

1. c4 e6 2. g3 d5 3. Bg2 Nf6 4. Nf3 Be7 5. 0-0 0-0 6. d4 c5 7. cxd5 exd5 8. Nc3 Nc6 9. b3 b6 10. Bb2 Bb7 11. Rc1 Re8 12. e3 Ne4 13. Ne2 Ba6 14. a3 Rc8 15. Re1 Bf6 16. Nf4 cxd4 17. Nxd4 Nxd4 18. Rxc8 Qxc8 19. Bxd4 Nc3 20. Qd2 Bxd4 21. Qxd4 Nb5 22. Qb2 d4 23. Rc1 Qd8 24. Rd1 Qe7 25. Bc6 Rd8 26. Bxb5 Bxb5 27. a4 Bc6 28. Rxd4 Rxd4 29. Qxd4 g6 30. Nd5 Bxd5 31. Qxd5 Qc5 32. Qxc5 bxc5 33. e4 Kg7 34. Kf1 Kf6 35. f4 Ke6 36. Ke2 Kd6 37. Kd3 Kc6 38. Kc4 a6 39. g4 f6 40. e5 f5 41. g5 a5 42. h3 1-0

[Event "GER-chT Lands U20"]
[Site "Wuerzburg"]
[Date "2019.10.02"]
[Round "1.2"]
[White "Buchholz, Maja Patricia"]
[Black "Woerz, Ann Sophie"]
[Result "0-1"]
[WhiteElo "1711"]
[BlackElo "1500"]
[PlyCount "48"]
[EventDate "2019.10.01"]
[EventType "team-swiss"]
[EventRounds "7"]
[EventCountry "GER"]
[SourceTitle "EXT 2020"]
[Source "ChessBase"]
[SourceDate "2019.10.17"]
[SourceVersion "1"]
[SourceVersionDate "2019.10.17"]
[SourceQuality "1"]
[WhiteTeam "Hessen"]
[BlackTeam "Wuerttemberg"]
[WhiteTeamCountry "GER"]
[BlackTeamCountry "GER"]

1. c4 e5 2. g3 c6 3. Bg2 d5 4. cxd5 cxd5 5. d3 Nf6 6. Nf3 Nc6 7. a3 Be6 8. b4 a6 9. 0-0 h6 10. Bb2 Bd6 11. Nbd2 0-0 12. Rc1 Qd7 13. Re1 Rfe8 14. Nb3 b6 15. Rc2 Rac8 16. Nbd2 Bb8 17. Qa1 Bh3 18. Bh1 Ng4 19. Nh4 Ba7 20. Ng2 Qf5 21. f3 b5+ 22. e3 Qxd3 23. Rc3 Qxd2 24. Bc1 Qf2# 0-1

[Event "Youth District Germany"]
[Site "Wuerzburg"]
[Date "2018.10.06"]
[Round "6.8"]
[White "Woerz, Ann Sophie"]
[Black "Hubert, Charlotte"]
[Result "1-0"]
[WhiteElo "1463"]
[BlackElo "1376"]
[PlyCount "90"]
[EventDate "2018.10.02"]
[EventType "team-swiss"]
[EventRounds "7"]
[EventCountry "GER"]
[SourceTitle "CBM 186 Extra"]
[Source "ChessBase"]
[SourceDate "2018.08.24"]
[SourceVersion "1"]
[SourceVersionDate "2018.08.24"]
[SourceQuality "1"]
[WhiteTeam "Wuerttemberg U20"]
[BlackTeam "Hamburg U20"]
[WhiteTeamCountry "GER"]
[BlackTeamCountry "GER"]

1. e4 e5 2. Nf3 Nf6 3. Nxe5 d6 4. Nf3 Nxe4 5. Nc3 Nxc3 6. dxc3 Be7 7. Be3 Nc6 8. Qd2 Be6 9. Bd3 Qd7 10. a3 0-0-0 11. 0-0-0 Bf6 12. h3 h6 13. Bb5 a6 14. Ba4 Rhe8 15. Bd4 Bxd4 16. cxd4 b5 17. Bxb5 axb5 18. d5 Bf5 19. dxc6 Qxc6 20. Nd4 Qd7 21. Qa5 Be4 22. f3 Bb7 23. Qxb5 Qxb5 24. Nxb5 Re2 25. Rd2 Rde8 26. Nc3 R2e6 27. Kd1 Rg6 28. Re1 Rxe1+ 29. Kxe1 Kd7 30. b4 Kc6 31. Kf2 Kb6 32. Nd5+ Bxd5 33. Rxd5 Re6 34. c4 Re8 35. a4 Ra8 36. Rb5+ Kc6 37. a5 f6 38. Ke3 Ra6 39. Rb8 Kd7 40. Kd4 g5 41. Rh8 Ke7 42. Rxh6 Ke6 43. g3 Ke7 44. h4 gxh4 45. gxh4 Ke8 1-0

[Event "GER-ch U12 Girls"]
[Site "Willingen"]
[Date "2018.05.23"]
[Round "7"]
[White "Woerz, Ann Sophie"]
[Black "Wagner, Margarethe"]
[Result "0-1"]
[WhiteElo "1433"]
[BlackElo "1563"]
[PlyCount "92"]
[EventDate "2018.05.19"]
[EventType "swiss"]
[EventRounds "11"]
[EventCountry "GER"]
[SourceTitle "CBM 184 Extra"]
[Source "ChessBase"]
[SourceDate "2018.06.28"]
[SourceVersion "1"]
[SourceVersionDate "2018.06.28"]
[SourceQuality "1"]

1. e4 c5 2. Nf3 d6 3. d4 cxd4 4. Nxd4 Nf6 5. Nc3 a6 6. h3 e5 7. Nde2 Be6 8. g4 b5 9. Ng3 Nc6 10. a3 Be7 11. Bg2 Rc8 12. Be3 Na5 13. Bd2 Nc4 14. Rb1 Qc7 15. 0-0 0-0 16. g5 Nd7 17. Re1 Qd8 18. h4 Nc5 19. Qe2 Qd7 20. Kh2 Bg4 21. f3 Be6 22. Be3 Rfd8 23. Nd1 Qc7 24. Nf2 Na4 25. Nd3 Nxe3 26. Qxe3 Qxc2 27. b3 Rc3 28. bxa4 Rxd3 29. Qa7 Rd2 30. Re2 Rxe2 31. Nxe2 Qxb1 32. Qxe7 Rf8 33. Qxd6 Qe1 34. Ng3 Qa5 35. axb5 Qxb5 36. Bf1 Qb2+ 37. Kg1 Qd4+ 38. Qxd4 exd4 39. Bd3 Rb8 40. a4 a5 41. Ne2 Rb4 42. Bb5 Bb3 43. Kf1 Bxa4 44. Bd3 Bd1 45. Ke1 Bxe2 46. Bxe2 a4 0-1

[Event "GER-ch U12 Girls"]
[Site "Willingen"]
[Date "2018.05.22"]
[Round "5"]
[White "Woerz, Ann Sophie"]
[Black "Butenandt, Svenja"]
[Result "1-0"]
[WhiteElo "1433"]
[BlackElo "1719"]
[PlyCount "73"]
[EventDate "2018.05.19"]
[EventType "swiss"]
[EventRounds "11"]
[EventCountry "GER"]
[SourceTitle "CBM 184 Extra"]
[Source "ChessBase"]
[SourceDate "2018.06.28"]
[SourceVersion "1"]
[SourceVersionDate "2018.06.28"]
[SourceQuality "1"]

1. e4 c5 2. Nf3 e6 3. d4 cxd4 4. Nxd4 Nf6 5. Nc3 d6 6. Bc4 a6 7. a4 b6 8. 0-0 Bb7 9. Re1 Be7 10. Bd2 Qc8 11. Bd3 0-0 12. Re3 Nbd7 13. Qe2 Qc7 14. Rg3 Rfc8 15. f4 Bf8 16. Re1 Kh8 17. Rh3 g6 18. Rf1 Bg7 19. Nf3 Kg8 20. Be1 Nh5 21. Bg3 Nxg3 22. Rxg3 Bxc3 23. bxc3 Qxc3 24. Ng5 h6 25. Nh3 Nc5 26. f5 Qd4+ 27. Kh1 Bxe4 28. Bxe4 Qxe4 29. Re3 Qd5 30. fxg6 fxg6 31. Nf4 Qg5 32. Rg3 Qe5 33. Qxe5 dxe5 34. Nxg6 Kh7 35. Rf7+ Kg8 36. Nxe5+ Kh8 37. Rgg7 1-0

[Event "GER-ch U12 Girls"]
[Site "Willingen"]
[Date "2018.05.21"]
[Round "4"]
[White "Bress, Amy Charlize"]
[Black "Woerz, Ann Sophie"]
[Result "0-1"]
[WhiteElo "1519"]
[BlackElo "1433"]
[PlyCount "65"]
[EventDate "2018.05.19"]
[EventType "swiss"]
[EventRounds "11"]
[EventCountry "GER"]
[SourceTitle "CBM 184 Extra"]
[Source "ChessBase"]
[SourceDate "2018.06.28"]
[SourceVersion "1"]
[SourceVersionDate "2018.06.28"]
[SourceQuality "1"]

1. e4 e5 2. Nf3 Nc6 3. Nc3 Nf6 4. a3 Bc5 5. Nxe5 Nxe5 6. d4 Bxd4 7. Qxd4 d6 8. Be2 h6 9. h3 Bd7 10. 0-0 0-0 11. Re1 Re8 12. Bf4 Ng6 13. Bg3 Bc6 14. Bd3 Nd7 15. b4 Nde5 16. Bf1 a6 17. Rad1 b5 18. f4 Nd7 19. Bd3 Bb7 20. e5 dxe5 21. fxe5 Ngxe5 22. Bxe5 Nxe5 23. Qxd8 Raxd8 24. Rxe5 Rxe5 25. Bh7+ Kxh7 26. Rxd8 Re3 27. Rd3 Rxd3 28. cxd3 Kg6 29. Kf2 Kf5 30. g3 g5 31. Ke3 Bg2 32. g4+ Ke6 33. Ne4 0-1

[Event "GER-ch U10 Girls"]
[Site "Willingen"]
[Date "2016.05.18"]
[Round "6"]
[White "Woerz, Ann Sophie"]
[Black "Bress, Amy Charlize"]
[Result "0-1"]
[WhiteElo "1145"]
[BlackElo "1059"]
[PlyCount "148"]
[EventDate "2016.05.15"]
[EventType "swiss"]
[EventRounds "11"]
[EventCountry "GER"]
[SourceTitle "CBM 172 Extra"]
[Source "ChessBase"]
[SourceDate "2016.06.21"]
[SourceVersion "1"]
[SourceVersionDate "2016.06.21"]
[SourceQuality "1"]

1. e4 c5 2. Nc3 Nc6 3. Bb5 Nd4 4. Ba4 a6 5. d3 b5 6. Bb3 d6 7. h3 e6 8. Nge2 Ne7 9. Nxd4 cxd4 10. Ne2 Nc6 11. c3 dxc3 12. bxc3 d5 13. 0-0 Be7 14. Re1 dxe4 15. dxe4 0-0 16. Nd4 Nxd4 17. cxd4 Bb7 18. Bb2 Qd7 19. d5 exd5 20. exd5 Rfe8 21. Qd2 Qd6 22. Qd3 Rad8 23. Rad1 Kh8 24. Bc2 Qg6 25. Qxg6 hxg6 26. Bb3 Rd7 27. Rd3 Red8 28. Red1 f6 29. h4 Bd6 30. Bc2 Re7 31. Kf1 Rde8 32. R3d2 Rc8 33. Bxg6 Rec7 34. g3 Rd8 35. h5 Be5 36. Bxe5 fxe5 37. d6 Rc6 38. d7 Rc7 39. Ke2 Kg8 40. Ke3 Kf8 41. Bf5 Ke7 42. g4 Rc3+ 43. Rd3 Rxd3+ 44. Rxd3 Bc6 45. Ra3 Bxd7 46. Bxd7 Rxd7 47. Rxa6 Rd6 48. Rxd6 Kxd6 49. g5 Ke6 50. f4 Kf5 51. fxe5 Kxe5 52. Kf3 Kf5 53. Ke3 Kxg5 54. Kd4 Kxh5 55. Kc5 g5 56. Kxb5 g4 57. a4 g3 58. a5 g2 59. a6 g1Q 60. Ka5 Qg8 61. a7 Qa8 62. Kb6 Kg6 63. Ka6 Kf7 64. Kb6 Ke7 65. Ka6 Kd7 66. Kb6 Kc8 67. Ka6 Qb7+ 68. Ka5 Qxa7+ 69. Kb5 Qd4 70. Kc6 Kb8 71. Kb5 Kb7 72. Ka5 Qb2 73. Ka4 Kc6 74. Ka5 Qb5# 0-1